00537nam a2200157Ia 4500008004100000041000800041082001500049100002200064245004500086250001400131260005700145300003000202365000900232999001500241952012300256240624s9999 xx 000 0 und d aeng a371.26 HAL aHALADYNA THOMAS M aDEVELOPING AND VALIDATING MULTIPLE CHOIC a(3rd ed.) c2004aLondonbLawrence Erlbaum Associates Publishers axi, : 306 : p. : cm. ; 22 cb35 c6353d6353 00104070aIMTNbIMTNcRack 16-Bd2007-09-27eRBCg69.95o371.26 HALp6353r2024-06-24 00:00:00t43.1w2024-06-24yBK